2017 Movies by Poster Quiz Stats

 Plays Quiz Updated Feb 21, 2018

Challenge
Share
Tweet
Score 0/20 Timer 05:00
1 Play Today
% Correct
Star Wars: Episode VIII The Last Jedi
95.5%
Jumanji: Welcome to the Jungle
87.9%
Pirates of the Caribbean: Dead Men Tell No Tales
84.7%
Justice League
80.3%
The Greatest Showman
76.8%
Kingsman: The Golden Circle
74.9%
Baby Driver
74%
Blade Runner 2049
69.7%
Thor: Ragnarök
63.3%
Alien: Covenant
62.3%
% Correct
Dunkirk
61.8%
Mother!
53.1%
Bright
48.6%
Wonder
48.5%
It
48.1%
The Mummy
47.8%
War for the Planet of the Apes
46.3%
The Shape of Water
41.6%
King Arthur: Legend of the Sword
38.4%
Life
29.7%

You're not logged in!

Compare scores with friends on all Sporcle quizzes.
Join for Free
OR
Log In

You Might Also Like...

Show Comments

Extras

Top Quizzes Today


Score Distribution

Your Account Isn't Verified!

In order to create a playlist on Sporcle, you need to verify the email address you used during registration. Go to your Sporcle Settings to finish the process.

Report this User

Report this user for behavior that violates our Community Guidelines.

Details: